B2C arbitration : Consumer protection in arbitration

The controversial variable is the degree of protection to be afforded to the consumer, both under the applicable substantive law and in procedural terms. These are the main issues addressed in this book. Apart from the key topic, the author has extensively elaborated on certain fundamental categorie...

全面介绍

Đã lưu trong:
书目详细资料
主要作者: Bellohlávek, Alexander J.
格式: 图书
语言:Undetermined
出版: New York JurisNet, LLC 2012
主题:
标签: 添加标签
没有标签, 成为第一个标记此记录!
Thư viện lưu trữ: Trung tâm Học liệu Trường Đại học Cần Thơ
LEADER 01352nam a2200229Ia 4500
001 CTU_217304
008 210402s9999 xx 000 0 und d
020 |c 150 
082 |a 343.071 
082 |b B452 
100 |a Bellohlávek, Alexander J. 
245 0 |a B2C arbitration : 
245 0 |b Consumer protection in arbitration 
245 0 |c Alexander J. Bělohlávek. 
260 |a New York 
260 |b JurisNet, LLC 
260 |c 2012 
520 |a The controversial variable is the degree of protection to be afforded to the consumer, both under the applicable substantive law and in procedural terms. These are the main issues addressed in this book. Apart from the key topic, the author has extensively elaborated on certain fundamental categories such as public interest and public policy (all primarily in connection to the procedural mechanisms of consumer protection); he has also analyzed the applicable European law and the case law of the ECJ and offered an overview of the individual systems employed in both European and non-European countries (especially the USA and Canada). 
650 |a Consumer protection,Bảo vệ người tiêu dùng 
650 |z European Union countries,Các nước Liên minh châu Âu 
904 |i Trinh, Sang, Tuyến 
980 |a Trung tâm Học liệu Trường Đại học Cần Thơ